Statistiques concernant Lauréats du Ballon d’or

Cliquez ici pour prendre le quiz!

Statistiques générales

  • Ce quiz a été pris 162 fois
  • Le résultat moyen est 40 sur 66

Statistiques - réponses

AnnéeNationalitéBallon d'or% Correct
2013PortugaisCristiano Ronaldo
99%
2017PortugaisCristiano Ronaldo
99%
2016PortugaisCristiano Ronaldo
99%
2014PortugaisCristiano Ronaldo
99%
2008PortugaisCristiano Ronaldo
99%
2009ArgentinLionel Messi
99%
2021ArgentinLionel Messi
99%
2019ArgentinLionel Messi
99%
2015ArgentinLionel Messi
99%
2012ArgentinLionel Messi
99%
2011ArgentinLionel Messi
99%
2010ArgentinLionel Messi
99%
1997BrésilienRonaldo
99%
2000BrésilienRonaldo
99%
2002BrésilienRonaldo
99%
2022FrançaisKarim Benzema
97%
2018CroateLuka Modric
96%
1998FrançaisZinedine Zidane
91%
2007BrésilienKakà
88%
2005BrésilienRonaldinho
86%
1983FrançaisMichel Platini
84%
1984FrançaisMichel Platini
84%
1985FrançaisMichel Platini
84%
2006ItalienFabio Cannavaro
80%
1991FrançaisJean-Pierre Papin
73%
2003TchèquePavel Nedvěd
73%
2001AnglaisMichael Owen
72%
1995LibérienGeorge Weah
70%
1974NéerlandaisJohan Cruyff
68%
1973NéerlandaisJohan Cruyff
68%
1971NéerlandaisJohan Cruyff
68%
2004UkrainienAndrij Ševčenko
67%
1992NéerlandaisMarco Van Basten
67%
1989NéerlandaisMarco Van Basten
67%
1988NéerlandaisMarco Van Basten
67%
1999BrésilienRivaldo
65%
1968Irlandais du NordGeorge Best
62%
1958FrançaisRaymond Kopa
62%
1976AllemandFranz Beckenbauer
61%
1972AllemandFranz Beckenbauer
61%
1959Argentin / EspagnolAlfredo Di Stéfano
59%
1957Argentin / EspagnolAlfredo Di Stéfano
59%
1965PortugaisEusébio
56%
1987NéerlandaisRuud Gullit
54%
1993ItalienRoberto Baggio
53%
1990AllemandLothar Matthäus
46%
1966AnglaisBobby Charlton
33%
1960EspagnolLuis Suárez
33%
1956AnglaisStanley Matthews
28%
1996AllemandMatthias Sammer
24%
1980AllemandKarl-Heinz Rummenigge
23%
1981AllemandKarl-Heinz Rummenigge
23%
1994BulgareHristo Stoičkov
22%
1979AnglaisKevin Keegan
22%
1978AnglaisKevin Keegan
22%
1970AllemandGerd Müller
18%
1964ÉcossaisDenis Law
12%
1982ItalienPaolo Rossi
12%
1967HongroisFlórián Albert
10%
1977DanoisAllan Simonsen
9%
1969ItalienGianni Rivera
9%
1986SoviétiqueIgor Belanov
9%
1962TchécoslovaqueJosef Masopust
9%
1961Argentin / ItalienOmar Sivori
7%
1975SoviétiqueOleh Blochin
2%
1963SoviétiqueLev Jašin
1%

Distribution des résultats

Percentile par nombre de réponses

% des personnes avec chaque résultat

Votre développement - résultats

Vous n’avez pas pris ce quiz